000 00587cam a22002053a 4500
001 43994
003 PGUSA
005 20140828084013.0
008 131022s2013||||xxu|||||s|||||000 | eng d
040 _aPGUSA
_beng
042 _adc
100 1 _aHabberton, John,
_d1842-1921
245 1 0 _aCaleb Wright :
_bA Story of the West
_h[electronic resource] /
_cJohn Habberton
260 _bProject Gutenberg,
_c2013
506 _aPublic domain in the USA.
516 _aElectronic text
830 0 _aProject Gutenberg
_v43994
856 4 0 _uhttp://www.gutenberg.org/ebooks/43994
942 _cEB
999 _c273245
_d273245